Mi amor en vano /

"Esteban, un joven que sobrevive a un accidente de tráfico, debe plantearse la vida de una forma nueva. Se desvincula de su vida anterior y se va a vivir solo a un barrio distinto. En el nuevo contexto, el Centro de Rehabilitación al que acude diariamente será el principal referente. Entre l...

ver descrição completa

Na minha lista:
Detalhes bibliográficos
Autor principal: Puértolas, Soledad, 1947- (Autor)
Formato: Recurso Eletrônico livro eletrônico
Idioma:espanhol
Publicado em: Barcelona : Editorial Anagrama, julio de 2012.
Edição:Edición en formato digital.
coleção:Narrativas hispánicas ; 504.
Assuntos:
Acesso em linha:Digitalia Hispánica
Tags: Adicionar Tag
Sem tags, seja o primeiro a adicionar uma tag!

MARC

LEADER 00000nam a2200000Ii 4500
001 DIGANAGRA0079
003 NyNyDIG
006 m o d
007 cr |||||||||||
008 150401t20122012sp o 000 f spa d
040 |a DGITA  |b eng  |e rda  |e pn  |c DGITA 
020 |a 9788433933959   |q (eBook ;  |q ePub) 
020 |z 8433997513 
020 |z 9788433997517 
043 |a e-sp--- 
050 1 4 |a PQ6666.U35 eBook 
100 1 |a Puértolas, Soledad,  |d 1947-  |e author. 
245 1 0 |a Mi amor en vano /  |c Soledad Puértolas. 
250 |a Edición en formato digital. 
264 1 |a Barcelona :  |b Editorial Anagrama,  |c julio de 2012. 
264 4 |c ©2012 
300 |a 1 online resource 
336 |a text  |b txt  |2 rdacontent 
337 |a computer  |b c  |2 rdamedia 
338 |a online resource  |b cr  |2 rdacarrier 
490 1 |a Narrativas hispánicas ;  |v 504 
500 |a A novel. 
520 |a "Esteban, un joven que sobrevive a un accidente de tráfico, debe plantearse la vida de una forma nueva. Se desvincula de su vida anterior y se va a vivir solo a un barrio distinto. En el nuevo contexto, el Centro de Rehabilitación al que acude diariamente será el principal referente. Entre los vecinos de su nueva vivienda, una familia compuesta por Dayana, una mujer madura que ha sido actriz, cantante y modelo de artistas, Eugenio, su marido, alcohólico y periodista deportivo, y su hija Violeta, va acercándose más y más a él. Y también Teresa, una mujer asidua del Centro de Rehabilitación, irrumpe en su mundo. Esteban atisba vidas rotas, vidas gastadas que aún sueñan con rehacerse." (Publisher website). 
588 0 |a Online resource; title from ePub title page (Digitalia, viewed April 20, 2015) 
650 0 |a Spanish fiction  |y 21st century. 
650 0 |a Rehabilitation  |v Fiction.  
650 0 |a Life change events  |v Fiction. 
650 0 |a Traffic accidents  |v Fiction.  
650 0 |a Interpersonal relations  |v Fiction. 
650 0 |a Neighbors  |v Fiction. 
655 0 |a Electronic books. 
791 2 |a Digitalia (Firm),  |e distributor. 
793 0 |g Digitalia Hispánica eBook Collection:  |a Anagrama 
776 0 8 |i Print version:  |a Puértolas, Soledad, 1947-  |t Mi amor en vano.  |d Barcelona : Editorial Anagrama, 2012  |z 9788433997517  |w (OCoLC)808420777 
830 0 |a Narrativas hispánicas ;  |v 504. 
856 4 0 |3 Digitalia Hispánica  |u https://digitalia.unach.elogim.com/a/32669/ 
910 |a Premium Collection: 2016